000 01151nab a22002297a 4500
999 _c5726
_d5726
003 OSt
005 20251231175226.0
008 190605e xxu||||| |||| 00| 0 spa d
040 _cPJ
100 _96647
_aDominique, Christian M.
245 1 3 _aLa estabilidad de los empleados públicos y el empleado público paralelo /
_cChristian M. Dominique.
260 _aCiudad Autónoma de Buenos Aires :
_bThomson Reuters La Ley,
_c2023.
300 _ap. 62
500 _aCita: TR LALEY AR/DOC/935/2023.
505 _aSumario: I. Introducción.— II. El art. 14 bis y la estabilidad del empleado público.— III. La laboralización del empleo público.— IV. El despido sin causa y su incompatibilidad en el ejercicio de funciones administrativas.— V. Conclusión.
505 _t¿Te interesa el texto completo? Solicitalo al correo: koha@justierradelfuego.gov.ar
650 0 _91316
_aDERECHO LABORAL
650 0 _91323
_aCONTRATO DE TRABAJO
650 0 _9938
_aEMPLEO PUBLICO
773 0 _02711
_93168
_dCiudad Autónoma de Buenos Aires : Thomson Reuters La Ley, 1999-2002.
_tRevista de derecho del trabajo. Nº 3 - Mayo 2023
942 _2udc
_cANA